00457 a2200109 4500001001000000005001700010008004100027245017000068100002200238773007000260999001700330ART_5744120260410161947.0260409a 10aIncorporación del derecho a un entorno de trabajo seguro y saludable en la declaración de la OIT relativa a los principios y derechos fundamentales en el trabajo1 aVidal, Verónica0 tTemas de derecho laboralg- Año 8, N° 12 (dic. 2022)wREV27619 c30059d30059